Statystyki dla Państwa graniczące z Gwineą

Kliknij tutaj aby rozwiązać quiz!

Ogólne statystyki

  • Ten quiz został rozwiązany 110 razy
  • Średni wynik to 5 z 6

Statystyki odpowiedzi

Długość granicyPaństwo% Poprawnych
386 kmGwinea Bissau
95%
330 kmSenegal
92%
610 kmWybrzeże Kości Słoniowej
88%
858 kmMali
87%
652 kmSierra Leone
86%
563 kmLiberia
85%

Rozkład punktacji

Percentyl według liczby udzielonych odpowiedzi

Procent ludzi z każdym wynikiem

Twoja historia wyników

Nie rozwiązałeś tego quizu